000 00702nam a2200241Ia 4500
003 OSt
005 20220927105538.0
006 a|||||r|||| 00| 0
007 ta
008 220926b |||||||| |||| 00| 0 eng d
020 _a0416 78090 6
024 _a180043
037 _cReference Collections
040 _aRTL
_cRTL
_beng
041 _2eng
_aeng
082 _a"Y:677.N75, L5"
100 _aBROOKFIELD Harold Ed.
_9373146
245 0 _aInterdependent development
_b Perspectives on development.
260 _aLondon
_bMethuen & Co.
_c1975
300 _a"xiii,234p."
_ccm.
942 _h"Y:677.N75, L5"
_cCC
999 _c692981
_d692981